U.S. Presidents Who Did Not Graduate from College - Statistics

General Stats
  • This quiz has been taken 123 times
  • The average score is 9 of 12
Answer Stats
Answer % Correct
George Washington
96%
Abraham Lincoln
84%
Andrew Jackson
80%
James Monroe
73%
Zachary Taylor
73%
Andrew Johnson
72%
Martin Van Buren
70%
William Henry Harrison
68%
Grover Cleveland
64%
Harry S. Truman
63%
Millard Fillmore
60%
William McKinley
50%
No matching quizzes found
Score Distribution
Percent of People with Each Score
Percentile by Number Answered
Your Score History
You have not taken this quiz